CPRGS assessment of pilot integration of the comprehensive poverty reduction and growth strategy (CPRGS) into local socio-economic development plans

The report "Assessment of pilot integration of the CPRGS into local socio-economic development plans" provides detail analysis on imlementation of the strategy into selected provincial socio-economic development plans ; overall assessment in terms of achievements and challenges in the inpl...

ver descrição completa

Na minha lista:
Detalhes bibliográficos
Autor Corporativo: Ministry of Planning and Investment of Vietnam
Formato: Livro
Idioma:Undetermined
Publicado em: Ha Noi [Ha Noi] 2006
Assuntos:
Tags: Adicionar Tag
Sem tags, seja o primeiro a adicionar uma tag!
Thư viện lưu trữ: Trung tâm Học liệu Trường Đại học Cần Thơ
LEADER 01252nam a2200205Ia 4500
001 CTU_161438
008 210402s9999 xx 000 0 und d
082 |a 338.9597 
082 |b M665 
110 |a Ministry of Planning and Investment of Vietnam 
245 0 |a CPRGS assessment of pilot integration of the comprehensive poverty reduction and growth strategy (CPRGS) into local socio-economic development plans 
245 0 |c Ministry of Planning and Investment of Vietnam 
260 |a Ha Noi 
260 |b [Ha Noi] 
260 |c 2006 
520 |a The report "Assessment of pilot integration of the CPRGS into local socio-economic development plans" provides detail analysis on imlementation of the strategy into selected provincial socio-economic development plans ; overall assessment in terms of achievements and challenges in the inplementation process. In particular, it shows high appreciation to the effectiveness and impact of projects funded by international donors and organizations during implementing the strategy. 
650 |a Economic development,Phát triển kinh tế 
650 |x Social aspects,Khía cạnh xã hội 
904 |i Thạch, Trọng Hiếu 
980 |a Trung tâm Học liệu Trường Đại học Cần Thơ